வேலைத்தள சுககாதார மேம்பாட்டு தேசிய வழிகாட்டல் நிகழ்ச்சித் திட்டம் இலங்கை 2024.

VBalaiththala sugathara mempattu dhesiya valikattal...
Saved in:
Bibliographic Details
Format: Book
Language:Sinhalese
Published: கொழும்பு : சுகாதார மேம்பாட்டு பணியகம், சுகாதார அமைச்சு, 2025.
Tags: Add Tag
No Tags, Be the first to tag this record!

MARC

LEADER 00000nam a22000007a 4500
003 LK-CoNLD
005 20260311110027.0
008 260311b ||||| |||| 00| 0 sin d
017 |a 507378 
020 |a 9786246511548 
040 |a LK-CoNLD  |b TAM  |c LK-CoNLD  |d LK-CoNLD 
245 |6 880-1  |a வேலைத்தள சுககாதார மேம்பாட்டு தேசிய வழிகாட்டல் நிகழ்ச்சித் திட்டம் இலங்கை 2024. 
260 |a கொழும்பு :  |b சுகாதார மேம்பாட்டு பணியகம், சுகாதார அமைச்சு,  |c 2025. 
300 |a ப. iii, 29 ; 
500 |a [Rs. 32*18.20 = 582.00] 
880 |6 245-1  |a VBalaiththala sugathara mempattu dhesiya valikattal... 
942 |c BOOK 
945 |a 22  |b Logeshwary RAMASAMY  |c 22  |d Logeshwary RAMASAMY 
999 |c 297935  |d 297935